00525nmm a2200181Ia 4500008004100000020001500041041000800056100002400064245004300088264004500131300001800176650002700194700002400221700002400245856005000269942000700319999001700326251105s9999||||xx |||||||||||||||||und|| a8484296385 aspa aRialp Criado, Josep 0aEstrategia de la empresa internacional a[Madrid, España] :bUOC Papers, c2002 a108 páginas aEconomics and Business aRialp Criado, Josep1 a Rialp Criado, Alex uhttps://public.digitaliapublishing.com/a/5766 cCF c70489d70489